[Event "EYCC 2024 - O16"]
[Site "?"]
[Date "2024.08.30"]
[Round "8.1"]
[White "Ljepic, Andrej"]
[Black "Radu, David Cr."]
[Result "1-0"]
[BlackElo "2159"]
[WhiteElo "2275"]
[LiveChessVersion "1.4.8"]

1. d4 {[%clk 1:26:01]} d5 {[%clk 1:30:05]} 2. Bf4 {[%clk 1:25:50]} e6
{[%clk 1:28:20]} 3. e3 {[%clk 1:26:15]} Nf6 {[%clk 1:27:31]} 4. Nf3
{[%clk 1:26:42]} Bd6 {[%clk 1:25:52]} 5. Nbd2 {[%clk 1:26:38]} O-O
{[%clk 1:23:56]} 6. Bd3 {[%clk 1:25:58]} b6 {[%clk 1:22:14]} 7. Qe2
{[%clk 1:25:26]} Bb7 {[%clk 1:21:40]} 8. O-O {[%clk 1:25:08]} Bxf4
{[%clk 1:14:59]} 9. exf4 {[%clk 1:25:33]} c5 {[%clk 1:14:14]} 10. c3
{[%clk 1:25:51]} Nc6 {[%clk 1:11:22]} 11. a3 {[%clk 1:24:56]} Ne7
{[%clk 1:08:50]} 12. Ne5 {[%clk 1:12:27]} Nf5 {[%clk 1:03:53]} 13. g4
{[%clk 0:51:04]} Nd6 {[%clk 1:04:07]} 14. Qe3 {[%clk 0:47:19]} Nfe4
{[%clk 0:38:06]} 15. Bxe4 {[%clk 0:41:53]} Nxe4 {[%clk 0:37:41]} 16. Nxe4
{[%clk 0:36:20]} cxd4 {[%clk 0:37:41]} 17. Qxd4 {[%clk 0:32:24]} dxe4
{[%clk 0:38:08]} 18. Qxd8 {[%clk 0:22:59]} Rfxd8 {[%clk 0:38:36]} 19. Rfd1
{[%clk 0:22:57]} Bd5 {[%clk 0:24:04]} 20. c4 {[%clk 0:21:12]} f6 {[%clk 0:22:30]}
21. cxd5 {[%clk 0:19:12]} fxe5 {[%clk 0:22:56]} 22. fxe5 {[%clk 0:13:41]} exd5
{[%clk 0:23:14]} 23. Rac1 {[%clk 0:13:01]} Kf7 {[%clk 0:21:11]} 24. Rc7+
{[%clk 0:10:52]} Ke6 {[%clk 0:21:36]} 25. f4 {[%clk 0:07:14]} Rac8
{[%clk 0:16:03]} 26. Rxg7 {[%clk 0:05:06]} d4 {[%clk 0:16:32]} 27. f5+
{[%clk 0:04:14]} Kxe5 {[%clk 0:16:44]} 28. Re7+ {[%clk 0:04:40]} Kd5
{[%clk 0:16:22]} 29. f6 {[%clk 0:05:06]} d3 {[%clk 0:13:42]} 30. f7
{[%clk 0:05:04]} Kd4 {[%clk 0:13:18]} 31. Kf2 {[%clk 0:02:35]} Rc2+
{[%clk 0:10:47]} 32. Kg3 {[%clk 0:02:06]} Rf8 {[%clk 0:10:33]} 33. Re1
{[%clk 0:00:37]} d2 {[%clk 0:10:07]} 34. R1xe4+ {[%clk 0:01:02]} Kd5
{[%clk 0:09:46]} 35. R4e5+ {[%clk 0:01:28]} Kd6 {[%clk 0:08:51]} 36. R5e6+
{[%clk 0:01:55]} Kd5 {[%clk 0:09:01]} 37. Rf6 {[%clk 0:00:58]} Kc4
{[%clk 0:08:02]} 38. Rd7 {[%clk 0:01:03]} Rxb2 {[%clk 0:06:59]} 39. Kh4
{[%clk 0:01:16]} a5 {[%clk 0:04:20]} 40. Rf4+ {[%clk 0:00:47]} Kc3
{[%clk 0:04:02]} 41. Kg5 {[%clk 0:00:46]} Kc2 {[%clk 0:01:41]} 42. Rf2
{[%clk 0:00:34]} Kc3 {[%clk 0:01:35]} 43. Rf1 {[%clk 0:00:46]} Rc2
{[%clk 0:01:11]} 44. Kf6 {[%clk 0:01:09]} Rc1 {[%clk 0:00:55]} 45. Rf3+
{[%clk 0:01:36]} Kc2 {[%clk 0:00:43]} 46. Rf2 {[%clk 0:02:03]} Kb3
{[%clk 0:00:43]} 47. Rdxd2 {[%clk 0:02:22]} Kxa3 {[%clk 0:00:44]} 48. Kg7
{[%clk 0:02:43]} Rcc8 {[%clk 0:01:10]} 49. Rf3+ {[%clk 0:01:53]} Ka4
{[%clk 0:01:02]} 50. Ra2+ {[%clk 0:02:13]} Kb5 {[%clk 0:01:27]} 51. Rb2+
{[%clk 0:02:40]} Ka6 {[%clk 0:01:40]} 52. Rf6 {[%clk 0:03:05]} Rxf7+
{[%clk 0:01:26]} 53. Rxf7 {[%clk 0:03:27]} a4 {[%clk 0:01:44]} 54. Kxh7
{[%clk 0:03:40]} 1-0

[Event "EYCC 2024 - O16"]
[Site "?"]
[Date "2024.08.30"]
[Round "8.2"]
[White "Krawczyk, Flawian"]
[Black "Musial, Igor"]
[Result "0-1"]
[BlackElo "2142"]
[WhiteElo "2263"]
[LiveChessVersion "1.4.8"]

1. e4 c5 {[%clk 1:30:57]} 2. Nf3 d6 {[%clk 1:31:23]} 3. d4 {[%clk 1:31:00]} cxd4
{[%clk 1:31:48]} 4. Nxd4 {[%clk 1:31:24]} Nf6 {[%clk 1:32:13]} 5. Nc3
{[%clk 1:31:47]} Nc6 {[%clk 1:32:36]} 6. Bc4 {[%clk 1:31:24]} Qb6
{[%clk 1:32:54]} 7. Nb3 {[%clk 1:31:42]} e6 {[%clk 1:33:17]} 8. Bf4
{[%clk 1:32:08]} Ne5 {[%clk 1:33:35]} 9. Be3 {[%clk 1:32:22]} Qc7
{[%clk 1:33:49]} 10. Be2 {[%clk 1:32:48]} Be7 {[%clk 1:34:06]} 11. Qd4
{[%clk 1:31:56]} a6 {[%clk 1:23:49]} 12. f4 {[%clk 1:31:47]} Nc6 {[%clk 1:23:00]}
13. Qd2 {[%clk 1:21:16]} b5 14. a3 {[%clk 1:19:41]} Bb7 {[%clk 1:21:40]} 15. Bf3
{[%clk 1:14:37]} O-O {[%clk 1:01:01]} 16. Qf2 b4 {[%clk 1:01:28]} 17. axb4
{[%clk 1:12:35]} Nxb4 {[%clk 0:58:37]} 18. Bb6 {[%clk 0:59:09]} Qc8
{[%clk 0:58:37]} 19. O-O-O {[%clk 0:33:08]} Nd7 {[%clk 0:49:18]} 20. Na5
{[%clk 0:31:05]} Nc6 {[%clk 0:48:22]} 21. Nc4 {[%clk 0:29:14]} Qb8
{[%clk 0:43:27]} 22. Qd2 {[%clk 0:25:44]} Rc8 {[%clk 0:37:47]} 23. Be3
{[%clk 0:23:53]} Nb4 {[%clk 0:37:46]} 24. Nxd6 {[%clk 0:23:00]} Rxc3
{[%clk 0:38:13]} 25. bxc3 {[%clk 0:23:11]} Na2+ {[%clk 0:38:41]} 26. Kb2
{[%clk 0:23:28]} Bd5+ {[%clk 0:39:09]} 27. Ka1 {[%clk 0:23:40]} Qxd6
{[%clk 0:39:38]} 0-1

[Event "EYCC 2024 - O16"]
[Site "?"]
[Date "2024.08.30"]
[Round "8.3"]
[White "Nemec, Jachym"]
[Black "Baghirov, Orkhan"]
[Result "1-0"]
[BlackElo "1996"]
[WhiteElo "2414"]
[LiveChessVersion "1.4.8"]

1. Nf3 {[%clk 1:30:58]} d5 {[%clk 1:30:17]} 2. g3 {[%clk 1:31:24]} c5
{[%clk 1:30:33]} 3. Bg2 {[%clk 1:31:21]} Nc6 {[%clk 1:30:53]} 4. d4
{[%clk 1:31:14]} e6 {[%clk 1:30:33]} 5. O-O {[%clk 1:30:54]} Nf6 {[%clk 1:30:58]}
6. c4 {[%clk 1:31:03]} dxc4 {[%clk 1:27:02]} 7. Ne5 {[%clk 1:30:31]} Bd7
{[%clk 1:18:44]} 8. Na3 {[%clk 1:30:52]} cxd4 {[%clk 1:17:03]} 9. Naxc4
{[%clk 1:31:17]} Rc8 {[%clk 1:13:35]} 10. Bf4 {[%clk 1:27:22]} Nd5
{[%clk 1:09:05]} 11. Nxd7 {[%clk 1:23:38]} Qxd7 {[%clk 1:09:03]} 12. Ne5
{[%clk 1:23:47]} Nxe5 {[%clk 1:05:11]} 13. Bxe5 {[%clk 1:24:07]} f6
{[%clk 1:04:14]} 14. Bxd4 {[%clk 1:24:31]} Bc5 {[%clk 0:59:22]} 15. Rc1
{[%clk 1:18:55]} b6 {[%clk 0:51:51]} 16. Bxc5 {[%clk 1:17:18]} bxc5
{[%clk 0:51:34]} 17. e4 {[%clk 1:16:07]} Nb4 {[%clk 0:51:31]} 18. Qb3
{[%clk 1:01:48]} O-O {[%clk 0:48:04]} 19. Rfd1 {[%clk 1:00:03]} Qe7
{[%clk 0:48:07]} 20. Bh3 {[%clk 0:58:46]} Kf7 {[%clk 0:39:38]} 21. Bxe6+
{[%clk 0:57:31]} Kg6 {[%clk 0:38:11]} 22. Bf5+ {[%clk 0:58:00]} 1-0

[Event "EYCC 2024 - O16"]
[Site "?"]
[Date "2024.08.30"]
[Round "8.4"]
[White "Cnejev, Vladimir-Alexandru"]
[Black "Menahem, Adi"]
[Result "0-1"]
[BlackElo "2174"]
[WhiteElo "2343"]
[LiveChessVersion "1.4.8"]

1. e4 {[%clk 1:24:14]} c6 {[%clk 1:30:53]} 2. d4 {[%clk 1:24:39]} d5
{[%clk 1:31:18]} 3. e5 {[%clk 1:24:51]} Bf5 {[%clk 1:31:41]} 4. g4
{[%clk 1:24:44]} Bd7 {[%clk 1:31:39]} 5. Nc3 {[%clk 1:21:42]} e6 {[%clk 1:31:47]}
6. Be3 {[%clk 0:52:37]} h5 {[%clk 1:30:41]} 7. gxh5 {[%clk 0:52:56]} c5
{[%clk 1:30:32]} 8. dxc5 {[%clk 0:51:57]} Nc6 {[%clk 1:30:52]} 9. Nf3
{[%clk 0:50:14]} Rxh5 {[%clk 1:30:33]} 10. Qd2 {[%clk 0:45:11]} Nxe5
{[%clk 1:29:54]} 11. Nxe5 {[%clk 0:45:36]} Rxe5 {[%clk 1:30:19]} 12. O-O-O
{[%clk 0:38:53]} Qa5 {[%clk 1:26:13]} 13. Qd4 {[%clk 0:19:06]} Rxe3
{[%clk 1:07:52]} 14. fxe3 {[%clk 0:13:06]} Qxc5 {[%clk 1:07:35]} 15. Rg1
{[%clk 0:10:22]} Nf6 {[%clk 1:00:23]} 16. Kb1 {[%clk 0:06:58]} Rc8
{[%clk 0:52:30]} 17. h4 {[%clk 0:06:28]} Qc7 {[%clk 0:38:36]} 18. Rg2
{[%clk 0:04:41]} a6 {[%clk 0:27:14]} 19. Qf4 {[%clk 0:00:51]} Bd6
{[%clk 0:23:06]} 20. Qg5 {[%clk 0:00:55]} Be5 {[%clk 0:23:16]} 21. Bd3
{[%clk 0:00:48]} Bxc3 {[%clk 0:21:57]} 22. bxc3 {[%clk 0:01:14]} Qxc3
{[%clk 0:20:13]} 23. Qxg7 {[%clk 0:01:24]} Rc6 {[%clk 0:11:22]} 24. Qg3
{[%clk 0:00:40]} e5 {[%clk 0:07:35]} 25. Qe1 {[%clk 0:00:41]} Rb6+
{[%clk 0:07:18]} 26. Kc1 {[%clk 0:01:10]} Qb2+ {[%clk 0:06:22]} 27. Kd2
{[%clk 0:01:39]} Bg4 {[%clk 0:05:26]} 28. Rxg4 {[%clk 0:01:18]} Nxg4
{[%clk 0:05:54]} 29. Qg3 {[%clk 0:00:42]} Nf6 {[%clk 0:05:34]} 30. h5
{[%clk 0:00:33]} e4 {[%clk 0:03:18]} 31. Be2 {[%clk 0:00:32]} Rc6
{[%clk 0:02:28]} 32. Rc1 {[%clk 0:00:46]} Qc3+ {[%clk 0:02:55]} 33. Kd1
{[%clk 0:01:15]} Ke7 {[%clk 0:01:16]} 34. Qf4 {[%clk 0:00:37]} d4
{[%clk 0:01:15]} 35. exd4 {[%clk 0:00:33]} e3 {[%clk 0:01:21]} 36. Qe5+
{[%clk 0:00:35]} Kf8 {[%clk 0:01:35]} 37. Qb8+ {[%clk 0:00:36]} Ne8
{[%clk 0:01:52]} 0-1

[Event "EYCC 2024 - O16"]
[Site "?"]
[Date "2024.08.30"]
[Round "8.5"]
[White "Von Mettenheim, Johannes"]
[Black "Hajialiyev, Islam"]
[Result "0-1"]
[BlackElo "2173"]
[WhiteElo "2340"]
[LiveChessVersion "1.4.8"]

1. d4 {[%clk 1:30:58]} Nf6 {[%clk 1:30:59]} 2. c4 {[%clk 1:30:35]} e6
{[%clk 1:31:28]} 3. Nc3 {[%clk 1:30:57]} Bb4 {[%clk 1:31:52]} 4. f3
{[%clk 1:31:22]} d5 {[%clk 1:30:55]} 5. a3 {[%clk 1:31:47]} Be7 {[%clk 1:31:12]}
6. e4 {[%clk 1:32:09]} dxe4 {[%clk 1:31:38]} 7. fxe4 {[%clk 1:32:34]} c5
{[%clk 1:31:59]} 8. d5 {[%clk 1:32:58]} exd5 {[%clk 1:32:25]} 9. exd5
{[%clk 1:33:23]} O-O {[%clk 1:32:27]} 10. Be2 {[%clk 1:33:48]} Re8
{[%clk 1:32:37]} 11. Nf3 {[%clk 1:34:11]} Bg4 {[%clk 1:32:31]} 12. O-O
{[%clk 1:34:30]} Nbd7 {[%clk 1:32:55]} 13. h3 {[%clk 1:34:24]} Bxf3
{[%clk 1:32:58]} 14. Rxf3 {[%clk 1:33:06]} Ne5 {[%clk 1:30:32]} 15. Rf5
{[%clk 1:33:01]} Ng6 {[%clk 1:30:06]} 16. Be3 {[%clk 1:21:45]} Bd6
{[%clk 1:23:22]} 17. Bg5 {[%clk 1:14:24]} Be5 {[%clk 1:22:58]} 18. Bd3
{[%clk 1:13:12]} h6 {[%clk 1:18:38]} 19. Bd2 {[%clk 1:12:54]} Bb8
{[%clk 1:16:31]} 20. Qa4 {[%clk 1:02:43]} Qd6 {[%clk 1:06:45]} 21. Rxf6
{[%clk 0:59:37]} Qh2+ {[%clk 1:06:20]} 22. Kf1 {[%clk 0:59:48]} Bg3
{[%clk 1:06:22]} 23. Re6 {[%clk 0:59:28]} fxe6 {[%clk 1:05:08]} 24. Bxg6
{[%clk 0:59:32]} Rf8+ {[%clk 1:05:09]} 25. Ke2 {[%clk 0:59:57]} Qxg2+
{[%clk 1:05:36]} 26. Kd1 {[%clk 0:54:15]} Bf4 {[%clk 0:59:25]} 27. Bxf4
{[%clk 0:54:40]} Qxg6 {[%clk 0:59:20]} 28. Ne2 {[%clk 0:51:52]} exd5
{[%clk 0:55:31]} 29. Kd2 {[%clk 0:39:10]} Rae8 {[%clk 0:52:08]} 30. cxd5
{[%clk 0:39:16]} Qg2 {[%clk 0:51:37]} 31. Re1 {[%clk 0:39:10]} Re4
{[%clk 0:49:51]} 32. Qb5 {[%clk 0:34:57]} Rfxf4 {[%clk 0:48:19]} 33. d6
{[%clk 0:34:54]} Rd4+ {[%clk 0:47:44]} 34. Kc1 {[%clk 0:33:43]} Rxd6
{[%clk 0:47:04]} 35. Qb3+ {[%clk 0:23:15]} c4 {[%clk 0:44:56]} 36. Qc3
{[%clk 0:23:41]} Rd3 {[%clk 0:42:57]} 37. Qb4 {[%clk 0:21:42]} Rb3
{[%clk 0:40:09]} 38. Qc5 {[%clk 0:20:34]} c3 {[%clk 0:38:24]} 39. bxc3
{[%clk 0:19:49]} Qe4 {[%clk 0:38:21]} 40. Nxf4 {[%clk 0:15:16]} Rb1+
{[%clk 0:38:32]} 41. Kd2 {[%clk 0:15:40]} Rb2+ {[%clk 0:38:56]} 42. Kd1
{[%clk 0:16:04]} Qb1# {[%clk 0:39:20]} 0-1

[Event "EYCC 2024 - O16"]
[Site "?"]
[Date "2024.08.30"]
[Round "8.6"]
[White "Ostensen, Nicolai Maxime"]
[Black "Csernyik, Mark"]
[Result "1-0"]
[BlackElo "2129"]
[WhiteElo "2292"]
[LiveChessVersion "1.4.8"]

1. c4 {[%clk 1:30:57]} Nf6 {[%clk 1:30:55]} 2. Nc3 {[%clk 1:31:22]} g6
{[%clk 1:31:21]} 3. g3 {[%clk 1:31:48]} Bg7 {[%clk 1:31:47]} 4. Bg2
{[%clk 1:32:14]} O-O {[%clk 1:32:08]} 5. d4 {[%clk 1:32:41]} d6 {[%clk 1:32:21]}
6. h3 {[%clk 1:33:06]} e5 {[%clk 1:31:23]} 7. Nf3 {[%clk 1:33:30]} Nc6
{[%clk 1:22:56]} 8. Be3 {[%clk 1:33:56]} exd4 {[%clk 1:20:47]} 9. Nxd4
{[%clk 1:34:18]} Bd7 {[%clk 1:19:33]} 10. O-O {[%clk 1:33:28]} Nxd4
{[%clk 1:17:17]} 11. Bxd4 {[%clk 1:33:52]} Bc6 {[%clk 1:17:31]} 12. e4
{[%clk 1:32:27]} Qd7 {[%clk 1:14:17]} 13. Re1 {[%clk 1:31:04]} Rfe8
{[%clk 1:14:14]} 14. Rc1 {[%clk 1:29:39]} a5 {[%clk 1:04:47]} 15. Nd5
{[%clk 1:26:47]} Bxd5 {[%clk 1:03:29]} 16. cxd5 {[%clk 1:27:06]} Re7
{[%clk 1:02:14]} 17. Qb3 {[%clk 1:23:15]} Rae8 {[%clk 0:56:36]} 18. e5
{[%clk 1:20:30]} dxe5 {[%clk 0:36:33]} 19. Bc5 {[%clk 1:19:46]} b6
{[%clk 0:36:46]} 20. Bxe7 {[%clk 1:20:11]} Rxe7 {[%clk 0:37:02]} 21. Qc4
{[%clk 1:12:03]} Ne8 {[%clk 0:36:11]} 22. Qc6 {[%clk 1:11:56]} Nd6
{[%clk 0:36:03]} 23. Qa8+ {[%clk 1:10:27]} Re8 {[%clk 0:33:38]} 24. Qc6
{[%clk 1:08:22]} Re7 {[%clk 0:32:39]} 25. Bf1 {[%clk 1:04:22]} e4
{[%clk 0:31:17]} 26. Qxd7 {[%clk 1:02:43]} Rxd7 {[%clk 0:31:41]} 27. Rc2
{[%clk 1:01:30]} Bd4 {[%clk 0:30:48]} 28. Kg2 {[%clk 1:00:54]} Kg7
{[%clk 0:28:05]} 29. a4 {[%clk 0:52:23]} f5 {[%clk 0:26:33]} 30. Rec1
{[%clk 0:51:44]} Bc5 {[%clk 0:26:20]} 31. Rxc5 {[%clk 0:51:21]} bxc5
{[%clk 0:26:44]} 32. Rxc5 {[%clk 0:51:46]} Kf6 {[%clk 0:23:56]} 33. Rxa5
{[%clk 0:52:08]} Ke5 {[%clk 0:18:45]} 34. b4 {[%clk 0:48:14]} Nb7
{[%clk 0:17:29]} 35. Ra7 {[%clk 0:41:54]} Nd6 {[%clk 0:17:32]} 36. b5
{[%clk 0:40:26]} Kxd5 {[%clk 0:12:43]} 37. b6 {[%clk 0:33:13]} Kc6
{[%clk 0:10:47]} 38. b7 {[%clk 0:33:16]} Rd8 {[%clk 0:10:28]} 39. Ba6
{[%clk 0:32:17]} Nxb7 {[%clk 0:06:59]} 40. Bxb7+ {[%clk 0:32:43]} Kb6
{[%clk 0:07:24]} 41. Ra8 {[%clk 0:33:10]} Rd2 {[%clk 0:07:47]} 42. Ba6
{[%clk 0:32:29]} e3 {[%clk 0:07:57]} 43. Kf3 {[%clk 0:32:35]} exf2
{[%clk 0:07:30]} 44. Be2 {[%clk 0:32:37]} Kb7 {[%clk 0:06:10]} 45. Rh8
{[%clk 0:32:54]} Ra2 {[%clk 0:06:10]} 46. Kxf2 {[%clk 0:33:13]} Rxa4
{[%clk 0:06:36]} 47. Rxh7 {[%clk 0:33:38]} Rd4 {[%clk 0:06:58]} 48. Ke3
{[%clk 0:33:37]} Re4+ {[%clk 0:07:20]} 49. Kd3 {[%clk 0:33:42]} Re6
{[%clk 0:07:43]} 50. Bf3+ {[%clk 0:34:04]} Kb6 {[%clk 0:08:09]} 51. Rg7
{[%clk 0:34:20]} c6 {[%clk 0:08:18]} 52. Kd4 {[%clk 0:34:22]} Rd6+
{[%clk 0:07:58]} 53. Ke5 {[%clk 0:33:05]} Rd3 {[%clk 0:07:43]} 54. Kf4
{[%clk 0:33:25]} Rd4+ {[%clk 0:08:08]} 55. Ke3 {[%clk 0:33:50]} Rd6
{[%clk 0:08:34]} 56. h4 {[%clk 0:34:18]} Kc5 {[%clk 0:08:54]} 57. Rc7
{[%clk 0:33:59]} Kb6 {[%clk 0:08:38]} 58. Rxc6+ {[%clk 0:33:58]} Rxc6
{[%clk 0:09:04]} 59. Bxc6 {[%clk 0:34:24]} Kxc6 {[%clk 0:09:29]} 60. Kf4
{[%clk 0:34:50]} 1-0

[Event "EYCC 2024 - O16"]
[Site "?"]
[Date "2024.08.30"]
[Round "8.7"]
[White "Hauchamps, Maxime"]
[Black "Breuil, Tristan"]
[Result "1-0"]
[BlackElo "2284"]
[WhiteElo "2157"]
[LiveChessVersion "1.4.8"]

1. e4 {[%clk 1:30:57]} c5 {[%clk 1:30:11]} 2. Nf3 {[%clk 1:31:22]} d6
{[%clk 1:30:35]} 3. d4 {[%clk 1:31:46]} cxd4 {[%clk 1:30:56]} 4. Nxd4
{[%clk 1:32:10]} Nf6 {[%clk 1:31:17]} 5. Nc3 {[%clk 1:32:35]} Nc6
{[%clk 1:31:39]} 6. Bg5 {[%clk 1:32:57]} e6 {[%clk 1:31:59]} 7. Qd2
{[%clk 1:32:19]} a6 {[%clk 1:32:21]} 8. O-O-O {[%clk 1:32:42]} Bd7
{[%clk 1:32:43]} 9. f4 {[%clk 1:29:51]} Be7 {[%clk 1:32:30]} 10. Nf3
{[%clk 1:30:13]} b5 {[%clk 1:32:45]} 11. Bxf6 {[%clk 1:29:17]} gxf6
{[%clk 1:32:58]} 12. f5 {[%clk 1:29:33]} h5 {[%clk 1:22:01]} 13. Kb1
{[%clk 1:27:02]} Qb6 {[%clk 1:10:07]} 14. g3 {[%clk 1:22:08]} b4 {[%clk 1:05:59]}
15. fxe6 {[%clk 1:18:59]} fxe6 {[%clk 1:02:16]} 16. Ne2 {[%clk 1:19:17]} Qf2
{[%clk 0:51:26]} 17. Ned4 {[%clk 1:03:39]} Qxd2 {[%clk 0:51:26]} 18. Rxd2
{[%clk 1:04:06]} Nxd4 {[%clk 0:37:31]} 19. Nxd4 {[%clk 1:04:29]} Kf7
{[%clk 0:31:51]} 20. Bc4 {[%clk 1:03:58]} Rhc8 {[%clk 0:30:37]} 21. b3
{[%clk 1:04:27]} Bf8 {[%clk 0:24:30]} 22. Rhd1 {[%clk 1:04:08]} Rc5
{[%clk 0:21:45]} 23. Nf5 {[%clk 1:01:14]} Bb5 {[%clk 0:09:33]} 24. Bxb5
{[%clk 0:58:03]} Rxb5 {[%clk 0:10:02]} 25. Nxd6+ {[%clk 0:58:15]} Bxd6
{[%clk 0:10:31]} 26. Rxd6 {[%clk 0:58:36]} Re5 {[%clk 0:10:52]} 27. R6d4
{[%clk 0:57:40]} a5 {[%clk 0:11:10]} 28. a3 {[%clk 0:55:17]} Rb8 {[%clk 0:10:02]}
29. axb4 {[%clk 0:52:39]} axb4 {[%clk 0:10:16]} 30. Kb2 {[%clk 0:52:39]} Kg6
{[%clk 0:10:03]} 31. Rc4 {[%clk 0:44:46]} Kg5 {[%clk 0:09:18]} 32. Rdd4
{[%clk 0:43:33]} Reb5 {[%clk 0:05:43]} 33. h4+ {[%clk 0:42:44]} Kg4
{[%clk 0:04:02]} 34. e5+ {[%clk 0:41:32]} Kf5 {[%clk 0:03:32]} 35. exf6
{[%clk 0:41:24]} Kxf6 {[%clk 0:03:40]} 36. Rf4+ {[%clk 0:39:25]} Kg6
{[%clk 0:02:02]} 37. Kc1 {[%clk 0:39:23]} R8b6 {[%clk 0:01:21]} 38. Kd2
{[%clk 0:38:04]} e5 {[%clk 0:01:13]} 39. Rf8 {[%clk 0:38:21]} Rf6
{[%clk 0:00:32]} 40. Rg8+ {[%clk 0:35:02]} Kf7 {[%clk 0:00:33]} 41. Rg5
{[%clk 0:35:21]} Rf2+ {[%clk 0:00:49]} 42. Ke3 {[%clk 0:35:30]} Rg2
{[%clk 0:01:06]} 43. Kf3 {[%clk 0:32:24]} Rd2 {[%clk 0:01:36]} 44. Ke3
{[%clk 0:30:27]} Rg2 {[%clk 0:02:05]} 45. Kf3 {[%clk 0:29:09]} Rd2
{[%clk 0:02:33]} 46. Rxh5 {[%clk 0:29:26]} Ra5 {[%clk 0:00:37]} 47. Rh7+
{[%clk 0:27:22]} Kg6 {[%clk 0:00:51]} 48. Rhc7 {[%clk 0:27:35]} e4+
{[%clk 0:00:43]} 49. Kg4 {[%clk 0:27:19]} Kf6 {[%clk 0:00:31]} 50. Rxe4
{[%clk 0:26:32]} Ra1 {[%clk 0:00:33]} 51. Rc6+ {[%clk 0:26:41]} Kf7
{[%clk 0:01:00]} 52. Rxb4 {[%clk 0:26:55]} 1-0

[Event "EYCC 2024 - O16"]
[Site "?"]
[Date "2024.08.30"]
[Round "8.8"]
[White "Georgiadis, Anastasios"]
[Black "Toktomushev, Teimur"]
[Result "1/2-1/2"]
[BlackElo "2279"]
[WhiteElo "2171"]
[LiveChessVersion "1.4.8"]

1. d4 {[%clk 1:30:57]} d5 {[%clk 1:30:51]} 2. c4 {[%clk 1:31:21]} e6
{[%clk 1:31:09]} 3. Nc3 {[%clk 1:31:45]} Nf6 {[%clk 1:31:27]} 4. cxd5
{[%clk 1:32:09]} exd5 {[%clk 1:31:42]} 5. Bg5 {[%clk 1:32:32]} Be7
{[%clk 1:31:57]} 6. e3 {[%clk 1:32:55]} c6 {[%clk 1:32:14]} 7. Bd3
{[%clk 1:33:19]} Nbd7 {[%clk 1:32:30]} 8. h3 {[%clk 1:33:34]} Nf8
{[%clk 1:31:30]} 9. Bf4 {[%clk 1:32:56]} Ne6 {[%clk 1:28:46]} 10. Be5
{[%clk 1:33:10]} O-O {[%clk 1:21:18]} 11. Nf3 {[%clk 1:33:17]} g6
{[%clk 1:15:04]} 12. O-O {[%clk 1:30:53]} Ng7 {[%clk 1:14:38]} 13. Rb1
{[%clk 1:27:42]} a5 {[%clk 1:13:04]} 14. a3 {[%clk 1:20:26]} Bf5 {[%clk 0:58:13]}
15. Na4 {[%clk 1:17:53]} Bxd3 {[%clk 0:47:32]} 16. Qxd3 {[%clk 1:18:09]} Ne4
{[%clk 0:39:30]} 17. Qc2 {[%clk 1:06:17]} Nf5 {[%clk 0:36:27]} 18. Nd2
{[%clk 1:01:27]} Nxd2 {[%clk 0:31:44]} 19. Qxd2 {[%clk 1:01:55]} Bd6
{[%clk 0:31:24]} 20. Bxd6 {[%clk 1:00:28]} Nxd6 {[%clk 0:31:26]} 21. b3
{[%clk 0:56:33]} Ne4 {[%clk 0:23:19]} 22. Qc2 {[%clk 0:55:24]} Qe7
{[%clk 0:09:31]} 23. Nc5 {[%clk 0:55:20]} Nxc5 {[%clk 0:08:10]} 24. Qxc5
{[%clk 0:54:59]} Qxc5 {[%clk 0:07:55]} 25. dxc5 {[%clk 0:55:27]} Rfe8
{[%clk 0:01:14]} 26. Rfd1 {[%clk 0:52:02]} Re4 {[%clk 0:00:35]} 27. Rd3
{[%clk 0:52:10]} Kf8 {[%clk 0:00:32]} 28. f3 {[%clk 0:50:57]} Re7
{[%clk 0:00:34]} 29. Kf2 {[%clk 0:51:19]} f5 {[%clk 0:00:32]} 30. Rd4
{[%clk 0:50:57]} Ra6 {[%clk 0:00:31]} 31. Ra4 {[%clk 0:50:39]} b5
{[%clk 0:00:34]} 32. cxb6 {[%clk 0:49:21]} Rb7 {[%clk 0:00:59]} 33. e4
{[%clk 0:46:43]} fxe4 {[%clk 0:01:15]} 34. fxe4 {[%clk 0:47:12]} dxe4
{[%clk 0:01:23]} 35. Rxe4 {[%clk 0:47:16]} Raxb6 {[%clk 0:01:44]} 36. Re5
{[%clk 0:47:08]} Rb5 {[%clk 0:00:43]} 37. Rxb5 {[%clk 0:43:17]} Rxb5
{[%clk 0:01:09]} 38. a4 {[%clk 0:42:48]} Rb4 {[%clk 0:01:05]} 39. Rc1
{[%clk 0:40:06]} Rxb3 {[%clk 0:01:24]} 40. Rc5 {[%clk 0:40:03]} Rb2+
{[%clk 0:00:39]} 41. Kf3 {[%clk 0:40:19]} Rb3+ {[%clk 0:00:57]} 42. Kf2
{[%clk 0:40:35]} Rb2+ {[%clk 0:01:22]} 1/2-1/2

[Event "EYCC 2024 - O16"]
[Site "?"]
[Date "2024.08.30"]
[Round "8.9"]
[White "Medovoy, Yaniv"]
[Black "Dyachuk, Artem"]
[Result "0-1"]
[BlackElo "2263"]
[WhiteElo "2145"]
[LiveChessVersion "1.4.8"]

1. e4 {[%clk 1:30:57]} c5 {[%clk 1:30:55]} 2. Nc3 {[%clk 1:31:21]} d6
{[%clk 1:31:22]} 3. d4 {[%clk 1:31:44]} cxd4 {[%clk 1:31:48]} 4. Qxd4
{[%clk 1:32:06]} Nc6 {[%clk 1:32:16]} 5. Qd2 {[%clk 1:32:24]} g6 {[%clk 1:32:42]}
6. b3 {[%clk 1:32:47]} Bh6 {[%clk 1:33:08]} 7. f4 {[%clk 1:33:11]} Nf6
{[%clk 1:33:34]} 8. Bb2 {[%clk 1:33:21]} O-O {[%clk 1:34:00]} 9. O-O-O
{[%clk 1:33:31]} a5 {[%clk 1:34:27]} 10. a4 {[%clk 1:29:20]} Nb4 {[%clk 1:34:52]}
11. Kb1 {[%clk 1:24:57]} Qb6 {[%clk 1:35:08]} 12. Nge2 {[%clk 1:17:50]} Qf2
{[%clk 1:27:17]} 13. g3 {[%clk 0:44:45]} Ng4 {[%clk 0:53:57]} 14. Nd5
{[%clk 0:23:57]} Nxd5 {[%clk 0:53:06]} 15. exd5 {[%clk 0:24:08]} Bf5
{[%clk 0:34:54]} 16. Nd4 {[%clk 0:15:24]} Be4 {[%clk 0:33:32]} 17. Be2
{[%clk 0:01:42]} Bxh1 {[%clk 0:33:36]} 18. Rxh1 {[%clk 0:02:01]} Bg7
{[%clk 0:33:39]} 19. Qd3 {[%clk 0:00:44]} Ne3 {[%clk 0:33:20]} 20. c4
{[%clk 0:00:36]} h5 {[%clk 0:32:41]} 21. h3 {[%clk 0:00:32]} Qxg3
{[%clk 0:32:14]} 22. f5 {[%clk 0:00:34]} h4 {[%clk 0:30:20]} 23. Bf3
{[%clk 0:00:32]} Qf2 {[%clk 0:28:04]} 24. Bc1 {[%clk 0:00:32]} Bxd4
{[%clk 0:27:47]} 25. Qxd4 {[%clk 0:00:56]} Qxf3 {[%clk 0:28:05]} 26. Re1
{[%clk 0:00:31]} Qxf5+ {[%clk 0:28:30]} 27. Kb2 {[%clk 0:00:34]} Nc2
{[%clk 0:28:52]} 0-1